00390nam a2200145Ia 4500003000900000008004100009040003300050041000800083080001300091245006300104246003200167260001100199300001500210650001900225LK-CoDNM010623t1984 xxu||||| |||| 00| 1 sin d aLK-CoDNMdLK-CoDNMeLK-CoDNM asin a396bJAT aජාතික කාන්තා සමුළුව 1984 aJatika Kantha Samuluwa 1984 bc1984 b36p, 21 cm aWomen society